| 000 | 00715nam a2200205 i 4500 | ||
|---|---|---|---|
| 001 | 56405 | ||
| 003 | ES-MaACL | ||
| 005 | 20250803064423.0 | ||
| 007 | t| | ||
| 008 | 031008s1973 sp b |||| | spa d | ||
| 100 | 1 |
_aDíez Taboada, Juan María. _944772 |
|
| 245 | 1 | 0 |
_aBibliografía sobre G.A. Bécquer y su obra / _cJuan María Díez Taboada. |
| 260 |
_aMadrid : _bInstituto Miguel de Cervantes, _c[1973] |
||
| 300 |
_a[14] p. ; _c24 cm. |
||
| 500 | _aSeparata de: Boletín de filología española, 1973, p. 47-60. | ||
| 600 | 1 | 7 |
_aBécquer, Gustavo Adolfo, _d1836-1870- _vBibliografías _2 _9170130 |
| 710 | 2 |
_aInstituto "Miguel de Cervantes" _95133 |
|
| 852 |
_aES-MaACL _j2107-F-11 |
||
| 999 |
_c56405 _d56405 |
||